[Event "Titled Tuesday intern op 05th Mar Late"]
[Site "Chess.com INT"]
[Date "2024.03.05"]
[Round "3"]
[White "Bazzano, Sebastian"]
[Black "Powell, Paul J"]
[Result "1-0"]
[WhiteElo "2288"]
[BlackElo "2270"]
[PlyCount "49"]
[EventDate "2024.03.05"]
[EventType "swiss (blitz)"]
[EventRounds "11"]
[EventCountry "USA"]
[SourceTitle "EXT 2025"]
[Source "ChessBase"]
[SourceDate "2024.10.14"]
[SourceVersion "1"]
[SourceVersionDate "2024.10.14"]
[SourceQuality "1"]

1. d4 Nf6 2. Bf4 d5 3. e3 e6 4. c3 Bd6 5. Bg3 c6 6. Nd2 Qc7 7. Ngf3 Nbd7 8. Bd3 e5 9. dxe5 Nxe5 10. Nxe5 Bxe5 11. Nf3 Bd6 12. 0-0 0-0 13. Qc2 Bg4 14. Nd4 Rfe8 15. Rae1 Rad8 16. a3 a6 17. Kh1 Ne4 18. Bxd6 Qxd6 19. f3 Nf6 20. fxg4 Nxg4 21. Nf3 Nxe3 22. Qe2 g6 23. Rg1 Kg7 24. Qf2 Ng4 25. Qd4+ 1-0

[Event "Titled Tuesday intern op 05th Mar Late"]
[Site "Chess.com INT"]
[Date "2024.03.05"]
[Round "4"]
[White "Bazzano, Sebastian"]
[Black "Pozzari, Simone"]
[Result "0-1"]
[WhiteElo "2288"]
[BlackElo "2255"]
[PlyCount "50"]
[EventDate "2024.03.05"]
[EventType "swiss (blitz)"]
[EventRounds "11"]
[EventCountry "USA"]
[SourceTitle "EXT 2025"]
[Source "ChessBase"]
[SourceDate "2024.10.14"]
[SourceVersion "1"]
[SourceVersionDate "2024.10.14"]
[SourceQuality "1"]

1. d4 d5 2. Bf4 c5 3. e4 cxd4 4. Qxd4 dxe4 5. Qxd8+ Kxd8 6. Nc3 Bd7 7. Nxe4 Bc6 8. 0-0-0+ Nd7 9. Ng5 Ke8 10. N5f3 Ngf6 11. Nd4 e5 12. Nxc6 bxc6 13. Bg3 Bc5 14. Nf3 Ne4 15. Bc4 Bxf2 16. Rhf1 Bxg3 17. hxg3 f6 18. g4 Ke7 19. g5 Nd6 20. Bb3 Nc5 21. gxf6+ gxf6 22. Nh4 a5 23. a4 Nxb3+ 24. cxb3 Rab8 25. Kc2 Rhg8 0-1

[Event "Titled Tuesday intern op 09th Jan Late"]
[Site "Chess.com INT"]
[Date "2024.01.09"]
[Round "5"]
[White "Bazzano, Sebastian"]
[Black "Uz, Kagan"]
[Result "0-1"]
[WhiteElo "2288"]
[BlackElo "2028"]
[PlyCount "66"]
[EventDate "2024.01.09"]
[EventType "swiss (blitz)"]
[EventRounds "11"]
[EventCountry "USA"]
[SourceTitle "EXT 2025"]
[Source "ChessBase"]
[SourceDate "2024.10.14"]
[SourceVersion "1"]
[SourceVersionDate "2024.10.14"]
[SourceQuality "1"]

1. d4 e5 2. dxe5 Nc6 3. Nf3 Qe7 4. g3 b6 5. Bg2 Bb7 6. 0-0 f6 7. exf6 Nxf6 8. Nc3 0-0-0 9. Bg5 Kb8 10. Nd5 Qf7 11. c4 h6 12. Bf4 d6 13. Nd4 g5 14. Nxf6 Nxd4 15. Bxb7 Kxb7 16. Qxd4 gxf4 17. Qxf4 Bg7 18. Nd5 Qd7 19. Rab1 h5 20. h4 Be5 21. Qe4 c6 22. Nb4 Rhg8 23. Kh2 Rg4 24. f4 Rdg8 25. Rf3 Bf6 26. Rd1 Bxh4 27. Rg1 Bd8 28. Nd3 h4 29. Qe3 hxg3+ 30. Rfxg3 Rh4+ 31. Rh3 Rxh3+ 32. Qxh3 Qxh3+ 33. Kxh3 Rxg1 0-1

[Event "Titled Tuesday intern op 09th Jan Late"]
[Site "Chess.com INT"]
[Date "2024.01.09"]
[Round "3"]
[White "Soderstrom, Adrian"]
[Black "Bazzano, Sebastian"]
[Result "0-1"]
[WhiteElo "2318"]
[BlackElo "2288"]
[PlyCount "70"]
[EventDate "2024.01.09"]
[EventType "swiss (blitz)"]
[EventRounds "11"]
[EventCountry "USA"]
[SourceTitle "EXT 2025"]
[Source "ChessBase"]
[SourceDate "2024.10.14"]
[SourceVersion "1"]
[SourceVersionDate "2024.10.14"]
[SourceQuality "1"]

1. e4 e6 2. d4 d5 3. Nc3 dxe4 4. Nxe4 Bd7 5. Bd3 Bc6 6. Nf3 Bxe4 7. Bxe4 c6 8. 0-0 Nf6 9. Bd3 Bd6 10. Qe2 Nbd7 11. Ne5 0-0 12. Bg5 Qc7 13. f4 Rfe8 14. Rf3 c5 15. Nxd7 Nxd7 16. Rh3 g6 17. Qf2 Nf8 18. Qh4 cxd4 19. Qh6 Be7 20. Rf1 Bxg5 21. fxg5 e5 22. Rhf3 Re7 23. Be4 Rd8 24. Qh3 Ne6 25. Rxf7 Nxg5 26. Rxe7 Nxh3+ 27. gxh3 Qxe7 28. Rf3 Rf8 29. Bd5+ Kg7 30. Rg3 d3 31. cxd3 Qc5+ 32. d4 Qxd4+ 33. Re3 Qxe3+ 34. Kh1 Rf1+ 35. Kg2 Rg1# 0-1

[Event "Titled Tuesday intern op 02nd Jan Late"]
[Site "Chess.com INT"]
[Date "2024.01.02"]
[Round "8"]
[White "Bazzano, Sebastian"]
[Black "Alves Campelo, Danilo Cesar De"]
[Result "1-0"]
[WhiteElo "2288"]
[BlackElo "2011"]
[PlyCount "75"]
[EventDate "2024.01.02"]
[EventType "swiss (blitz)"]
[EventRounds "11"]
[EventCountry "USA"]
[SourceTitle "EXT 2025"]
[Source "ChessBase"]
[SourceDate "2024.10.14"]
[SourceVersion "1"]
[SourceVersionDate "2024.10.14"]
[SourceQuality "1"]

1. d4 Nf6 2. Bf4 e6 3. e3 c5 4. c3 Nc6 5. Nd2 b6 6. Ngf3 Be7 7. h3 Bb7 8. Bd3 0-0 9. 0-0 Nd5 10. Bh2 f5 11. Re1 d6 12. Rc1 Nc7 13. e4 f4 14. d5 Ne5 15. Nxe5 dxe5 16. c4 exd5 17. exd5 Bf6 18. Qc2 h6 19. Bh7+ Kh8 20. Rcd1 Ne8 21. Ne4 Nd6 22. Bg6 Nxe4 23. Qxe4 Qd6 24. f3 a6 25. Kh1 b5 26. b3 Bc8 27. Qd3 Bd7 28. Be4 bxc4 29. bxc4 Rfb8 30. Rb1 Rxb1 31. Rxb1 Rb8 32. Bg1 Rxb1 33. Qxb1 Bd8 34. Qb7 Qe7 35. Qa7 Bc8 36. Bxc5 Qh4 37. Bf2 Qg5 38. c5 1-0

[Event "Titled Tuesday intern op 02nd Jan Late"]
[Site "Chess.com INT"]
[Date "2024.01.02"]
[Round "2"]
[White "Bazzano, Sebastian"]
[Black "Balla, Tamas Kristof"]
[Result "1-0"]
[WhiteElo "2288"]
[BlackElo "2283"]
[PlyCount "61"]
[EventDate "2024.01.02"]
[EventType "swiss (blitz)"]
[EventRounds "11"]
[EventCountry "USA"]
[SourceTitle "EXT 2025"]
[Source "ChessBase"]
[SourceDate "2024.10.14"]
[SourceVersion "1"]
[SourceVersionDate "2024.10.14"]
[SourceQuality "1"]

1. d4 d5 2. Bf4 Nf6 3. e3 e6 4. Nf3 Bd6 5. Ne5 0-0 6. Nd2 c5 7. c3 b6 8. Bd3 Ba6 9. Bxa6 Nxa6 10. 0-0 Nb8 11. Bg3 Qc7 12. f4 Nc6 13. Qe2 Nd7 14. Qg4 Rae8 15. Rae1 f6 16. Nxc6 Qxc6 17. Nf3 f5 18. Qh3 h6 19. Ne5 Bxe5 20. fxe5 Qb5 21. Rf2 Rf7 22. Qh5 Nf8 23. h3 Nh7 24. Bf4 Ref8 25. Ref1 a5 26. Kh1 Qc6 27. Qg6 Kh8 28. g4 fxg4 29. Bxh6 Qe8 30. Rxf7 Rxf7 31. Rxf7 1-0

[Event "Titled Tuesday intern op 02nd Jan Late"]
[Site "Chess.com INT"]
[Date "2024.01.02"]
[Round "5"]
[White "Karas, Marek"]
[Black "Bazzano, Sebastian"]
[Result "1-0"]
[WhiteElo "2244"]
[BlackElo "2288"]
[PlyCount "69"]
[EventDate "2024.01.02"]
[EventType "swiss (blitz)"]
[EventRounds "11"]
[EventCountry "USA"]
[SourceTitle "EXT 2025"]
[Source "ChessBase"]
[SourceDate "2024.10.14"]
[SourceVersion "1"]
[SourceVersionDate "2024.10.14"]
[SourceQuality "1"]

1. e4 e6 2. d4 d5 3. e5 b6 4. c3 Qd7 5. Nf3 Ba6 6. Bxa6 Nxa6 7. 0-0 c5 8. Qe2 Nc7 9. Be3 c4 10. Nbd2 Ne7 11. Ne1 Nf5 12. Nc2 Be7 13. f4 h5 14. Bf2 Bh4 15. Bxh4 Nxh4 16. Ne3 Nf5 17. Nxf5 exf5 18. b3 cxb3 19. axb3 Ne6 20. Qe3 0-0 21. Rac1 Rfc8 22. Qd3 g6 23. Nf3 a5 24. g3 b5 25. c4 dxc4 26. bxc4 bxc4 27. Rxc4 Qd5 28. Ra4 Rd8 29. Rb1 Nc5 30. Qa3 Nxa4 31. Kf2 Qc6 32. Rc1 Qb5 33. Rc7 Qb2+ 34. Qxb2 Nxb2 35. Rc2 1-0

[Event "Titled Tuesday intern op 26th Dec Late"]
[Site "Chess.com INT"]
[Date "2023.12.26"]
[Round "9"]
[White "Bazzano, Sebastian"]
[Black "Karas, Marek"]
[Result "0-1"]
[WhiteElo "2288"]
[BlackElo "2232"]
[PlyCount "166"]
[EventDate "2023.12.26"]
[EventType "swiss (blitz)"]
[EventRounds "11"]
[EventCountry "USA"]
[SourceTitle "EXT 2025"]
[Source "ChessBase"]
[SourceDate "2024.10.14"]
[SourceVersion "1"]
[SourceVersionDate "2024.10.14"]
[SourceQuality "1"]

1. d4 e5 2. e3 Nc6 3. dxe5 Nxe5 4. Nf3 Nxf3+ 5. Qxf3 d5 6. Bd3 Nf6 7. h3 Bd6 8. 0-0 Qe7 9. Nc3 c6 10. e4 d4 11. Ne2 c5 12. c3 dxc3 13. Nxc3 0-0 14. Bg5 Qe5 15. Qg3 Qxg3 16. fxg3 Be5 17. Bf4 Bd4+ 18. Kh2 Be6 19. a3 Rad8 20. Bc2 a6 21. Rae1 Rfe8 22. Be3 Bxe3 23. Rxe3 Nd7 24. Rd1 Ne5 25. Ree1 f6 26. Nd5 Kf8 27. Nc7 Rc8 28. Nxe6+ Rxe6 29. Bb3 Re7 30. Bd5 b5 31. b3 Rd8 32. Rc1 Rc7 33. Re3 Ke7 34. Rec3 Rdc8 35. g4 Nd7 36. Kg3 Nb6 37. Kf4 Nxd5+ 38. exd5 Kd6 39. Rd1 Re8 40. Re3 Rxe3 41. Kxe3 Re7+ 42. Kd3 Kxd5 43. Kc3+ Kc6 44. Rd2 Re3+ 45. Kc2 Rg3 46. Re2 Kd6 47. Rd2+ Ke5 48. Re2+ Kd4 49. Rd2+ Ke4 50. Re2+ Re3 51. Rd2 c4 52. bxc4 bxc4 53. Rd7 Rxa3 54. Rxg7 Ra2+ 55. Kc3 Rxg2 56. Kxc4 h5 57. Re7+ Kf4 58. gxh5 Rg5 59. Re6 Kf5 60. Rxa6 Rg3 61. h6 Rxh3 62. Kd4 Rxh6 63. Ke3 Kg4 64. Kf2 Rh2+ 65. Kg1 Rh6 66. Kf2 Rg6 67. Ra4+ Kg5 68. Ra5+ f5 69. Kf3 Rb6 70. Rc5 Rb3+ 71. Kf2 Kg4 72. Rc8 Rb2+ 73. Kf1 Kf3 74. Rc3+ Ke4 75. Rc4+ Ke3 76. Rc3+ Kd4 77. Rc8 f4 78. Rd8+ Ke3 79. Re8+ Kf3 80. Kg1 Rb1+ 81. Kh2 Kf2 82. Rc8 Rb2 83. Rc2+ Rxc2 0-1

[Event "Titled Tuesday intern op 26th Dec Late"]
[Site "Chess.com INT"]
[Date "2023.12.26"]
[Round "2"]
[White "Bazzano, Sebastian"]
[Black "Salonen, Aku"]
[Result "1-0"]
[WhiteElo "2288"]
[BlackElo "2265"]
[PlyCount "41"]
[EventDate "2023.12.26"]
[EventType "swiss (blitz)"]
[EventRounds "11"]
[EventCountry "USA"]
[SourceTitle "EXT 2025"]
[Source "ChessBase"]
[SourceDate "2024.10.14"]
[SourceVersion "1"]
[SourceVersionDate "2024.10.14"]
[SourceQuality "1"]

1. d4 Nf6 2. Bf4 g6 3. Nc3 Bg7 4. e4 d6 5. Qd2 0-0 6. 0-0-0 Nc6 7. Nf3 Bg4 8. d5 Nb4 9. Be2 c5 10. a3 Na6 11. h3 Bxf3 12. Bxf3 Nd7 13. Bh6 Rb8 14. h4 b5 15. h5 b4 16. Bxg7 Kxg7 17. hxg6 hxg6 18. Qh6+ Kf6 19. e5+ Nxe5 20. Ne4+ Kf5 21. Qg5# 1-0

[Event "Titled Tuesday intern op 26th Dec Late"]
[Site "Chess.com INT"]
[Date "2023.12.26"]
[Round "8"]
[White "Thake, Conrad"]
[Black "Bazzano, Sebastian"]
[Result "0-1"]
[WhiteElo "1773"]
[BlackElo "2288"]
[PlyCount "52"]
[EventDate "2023.12.26"]
[EventType "swiss (blitz)"]
[EventRounds "11"]
[EventCountry "USA"]
[SourceTitle "EXT 2025"]
[Source "ChessBase"]
[SourceDate "2024.10.14"]
[SourceVersion "1"]
[SourceVersionDate "2024.10.14"]
[SourceQuality "1"]

1. c4 Nf6 2. Nc3 c5 3. g3 g6 4. Bg2 Bg7 5. d3 0-0 6. e4 d6 7. Nge2 Nc6 8. 0-0 e5 9. h3 Nd4 10. Nd5 Rb8 11. a4 Nxd5 12. cxd5 Bd7 13. Nxd4 exd4 14. f4 a6 15. a5 b6 16. Bd2 b5 17. Qc2 c4 18. Rae1 Rc8 19. Bb4 Be8 20. e5 dxe5 21. fxe5 Qg5 22. e6 fxe6 23. Bxf8 Bxf8 24. dxe6 Qxg3 25. Qf2 Bd6 26. e7 Qh2# 0-1

[Event "Titled Tuesday intern op 12th Dec Late"]
[Site "Chess.com INT"]
[Date "2023.12.12"]
[Round "4"]
[White "Bazzano, Sebastian"]
[Black "Estevez Polanco, Leonardo Rafael"]
[Result "1-0"]
[WhiteElo "2288"]
[BlackElo "2106"]
[PlyCount "51"]
[EventDate "2023.12.12"]
[EventType "swiss (blitz)"]
[EventRounds "11"]
[EventCountry "USA"]
[SourceTitle "EXT 2025"]
[Source "ChessBase"]
[SourceDate "2024.10.14"]
[SourceVersion "1"]
[SourceVersionDate "2024.10.14"]
[SourceQuality "1"]

1. d4 Nf6 2. Bf4 c5 3. e3 Qb6 4. b3 e6 5. Nf3 Nc6 6. Be2 cxd4 7. exd4 Nd5 8. Bg3 Bb4+ 9. Kf1 Nc3 10. Nxc3 Bxc3 11. Rb1 Nxd4 12. Nxd4 Qxd4 13. Bd3 0-0 14. h4 e5 15. h5 e4 16. Bc4 Qxd1+ 17. Rxd1 a6 18. Bd5 Re8 19. Rh4 Bf6 20. Rxe4 Rxe4 21. Bxe4 d5 22. Bxd5 Bg4 23. f3 Bxh5 24. Bxb7 Ra7 25. Rd7 a5 26. Bf2 1-0

[Event "Titled Tuesday intern op 05th Dec Late"]
[Site "Chess.com INT"]
[Date "2023.12.05"]
[Round "9"]
[White "Antunes, Luciano Justi"]
[Black "Bazzano, Sebastian"]
[Result "1-0"]
[WhiteElo "2045"]
[BlackElo "2288"]
[PlyCount "71"]
[EventDate "2023.12.05"]
[EventType "swiss (blitz)"]
[EventRounds "11"]
[EventCountry "USA"]
[SourceTitle "EXT 2025"]
[Source "ChessBase"]
[SourceDate "2024.10.14"]
[SourceVersion "1"]
[SourceVersionDate "2024.10.14"]
[SourceQuality "1"]

1. e4 e6 2. d3 c5 3. Nd2 Nc6 4. Ngf3 g6 5. Be2 Bg7 6. 0-0 Nf6 7. Re1 0-0 8. Bf1 d6 9. c3 e5 10. a4 Nh5 11. g3 f5 12. Nc4 f4 13. Bg2 Be6 14. Qc2 h6 15. b3 Qd7 16. Bb2 Bg4 17. Nh4 Kh7 18. d4 fxg3 19. hxg3 exd4 20. e5 Qf7 21. Nxd6 Qe6 22. Nxg6 Kg8 23. Nxf8 Rxf8 24. cxd4 Nxd4 25. Bxd4 cxd4 26. Qc5 b6 27. Qxd4 Kh8 28. Bd5 Qe7 29. Nc4 Be6 30. Bxe6 Qxe6 31. Rad1 Qh3 32. Qh4 Qf5 33. Re2 Qf3 34. Rde1 Rc8 35. e6 Bf6 36. Qh2 1-0

[Event "Titled Tuesday intern op 21st Nov Late"]
[Site "Chess.com INT"]
[Date "2023.11.21"]
[Round "2"]
[White "Bazzano, Sebastian"]
[Black "Annaberdiev, Meilis"]
[Result "0-1"]
[WhiteElo "2288"]
[BlackElo "2471"]
[PlyCount "152"]
[EventDate "2023.11.21"]
[EventType "swiss (blitz)"]
[EventRounds "11"]
[EventCountry "USA"]
[SourceTitle "EXT 2025"]
[Source "ChessBase"]
[SourceDate "2024.10.14"]
[SourceVersion "1"]
[SourceVersionDate "2024.10.14"]
[SourceQuality "1"]

1. d4 Nf6 2. Bf4 d5 3. e3 e6 4. Nf3 Bd6 5. Ne5 c5 6. c3 Qc7 7. Nd2 Nc6 8. Bb5 0-0 9. Bxc6 bxc6 10. 0-0 Nd7 11. Nxd7 Bxd7 12. Bxd6 Qxd6 13. Nb3 cxd4 14. cxd4 e5 15. Nc5 e4 16. Rc1 Bf5 17. Qa4 Qg6 18. f4 h5 19. Na6 Rac8 20. Nb4 Qd6 21. Rc5 h4 22. Rfc1 h3 23. Rxc6 Qd7 24. Qc2 hxg2 25. Rxc8 Rxc8 26. Qxc8+ Qxc8 27. Rxc8+ Bxc8 28. Nxd5 Bb7 29. Nc3 Kf8 30. Kxg2 Ke7 31. Kg3 f5 32. Kh4 Kf6 33. Nb5 a5 34. b3 Ba6 35. Nc7 Bd3 36. a3 Ke7 37. b4 a4 38. Kg5 Kd6 39. Ne8+ Kd5 40. Nxg7 Kc4 41. h4 Kb3 42. h5 Kxa3 43. h6 Kb2 44. h7 a3 45. h8Q a2 46. Qh1 Bb1 47. Qg2+ Ka3 48. Qd2 a1Q 49. Nxf5 Bd3 50. b5 Kb3 51. b6 Qa8 52. Qd1+ Bc2 53. Qe2 Qg8+ 54. Kf6 Bd3 55. Qd1+ Bc2 56. Qe2 Qf8+ 57. Ke5 Qe8+ 58. Kf6 Qc6+ 59. Ke5 Qxb6 60. Qg4 Qb8+ 61. Nd6 Kc3 62. Qe6 Kd3 63. Qd5 Kxe3 64. Ke6 Bd3 65. Nf5+ Kd2 66. Qe5 Qb3+ 67. Kf6 Bc4 68. Ng3 Qb6+ 69. Kg5 e3 70. Ne4+ Kd3 71. Nc5+ Kd2 72. Ne4+ Ke2 73. Ng3+ Kf2 74. Ne4+ Kf3 75. Nf6 Qb5 76. Qxb5 Bxb5 0-1

[Event "Titled Tuesday intern op 21st Nov Late"]
[Site "Chess.com INT"]
[Date "2023.11.21"]
[Round "4"]
[White "Bazzano, Sebastian"]
[Black "Osmak, Iulija"]
[Result "0-1"]
[WhiteElo "2288"]
[BlackElo "2449"]
[PlyCount "48"]
[EventDate "2023.11.21"]
[EventType "swiss (blitz)"]
[EventRounds "11"]
[EventCountry "USA"]
[SourceTitle "EXT 2025"]
[Source "ChessBase"]
[SourceDate "2024.10.14"]
[SourceVersion "1"]
[SourceVersionDate "2024.10.14"]
[SourceQuality "1"]

1. d4 d6 2. e4 Nf6 3. Nc3 c6 4. Bf4 Qa5 5. Qd2 e5 6. Be3 Be7 7. h3 0-0 8. Nf3 Nbd7 9. Be2 b5 10. Bd3 b4 11. Ne2 c5 12. dxe5 Nxe5 13. Nxe5 dxe5 14. Ng3 Rd8 15. Qe2 Bb7 16. Nf5 Qc7 17. Bg5 h6 18. Nxe7+ Qxe7 19. Bxf6 Qxf6 20. 0-0 Rd4 21. c3 Rd6 22. Bc4 Rad8 23. Rad1 Rxd1 24. Re1 R1d2 0-1

[Event "Titled Tuesday intern op 21st Nov Late"]
[Site "Chess.com INT"]
[Date "2023.11.21"]
[Round "5"]
[White "Ongut, Tamas Gunes"]
[Black "Bazzano, Sebastian"]
[Result "1-0"]
[WhiteElo "2298"]
[BlackElo "2288"]
[PlyCount "83"]
[EventDate "2023.11.21"]
[EventType "swiss (blitz)"]
[EventRounds "11"]
[EventCountry "USA"]
[SourceTitle "EXT 2025"]
[Source "ChessBase"]
[SourceDate "2024.10.14"]
[SourceVersion "1"]
[SourceVersionDate "2024.10.14"]
[SourceQuality "1"]

1. e4 e6 2. Nc3 d5 3. e5 c5 4. f4 Nc6 5. Nf3 Nh6 6. d4 Nf5 7. Ne2 Nfxd4 8. Nexd4 cxd4 9. Nxd4 Qb6 10. c3 Bc5 11. Bb5 0-0 12. Bxc6 bxc6 13. b4 Be7 14. Be3 c5 15. Nb3 d4 16. bxc5 Qc6 17. cxd4 Qxg2 18. Rf1 Bh4+ 19. Bf2 Ba6 20. Nd2 Bxf1 21. Bxh4 Qxh2 22. Bf2 Bh3 23. Qf3 f6 24. exf6 Rxf6 25. Qxa8+ Rf8 26. Qf3 Bg2 27. Qe3 Rxf4 28. Bg3 Qh1+ 29. Ke2 Qh5+ 30. Kd3 Rf6 31. Rg1 Bd5 32. Be5 Qf5+ 33. Kc3 Rg6 34. Rf1 Qg4 35. Qf2 h6 36. Kb2 Qh3 37. Qf7+ Kh7 38. Rf3 Bxf3 39. Qxf3 Qxf3 40. Nxf3 Rg2+ 41. Kb3 h5 42. c6 1-0

[Event "Titled Tuesday intern op 14th Nov Late"]
[Site "Chess.com INT"]
[Date "2023.11.14"]
[Round "10"]
[White "Bazzano, Sebastian"]
[Black "Espinoza Villanueva, Rodrigo"]
[Result "1-0"]
[WhiteElo "2288"]
[BlackElo "1893"]
[PlyCount "57"]
[EventDate "2023.11.14"]
[EventType "swiss (blitz)"]
[EventRounds "11"]
[EventCountry "USA"]
[SourceTitle "EXT 2025"]
[Source "ChessBase"]
[SourceDate "2024.10.14"]
[SourceVersion "1"]
[SourceVersionDate "2024.10.14"]
[SourceQuality "1"]

1. d4 Nf6 2. Bf4 g6 3. Nc3 d5 4. e3 Bg7 5. h4 0-0 6. h5 c5 7. hxg6 hxg6 8. Nf3 Nc6 9. Ne5 cxd4 10. exd4 Ne4 11. Nxe4 dxe4 12. Nxc6 bxc6 13. c3 c5 14. dxc5 Qa5 15. Qd2 Rd8 16. Qe3 Rd5 17. Bc4 Rf5 18. Qxe4 Qxc5 19. Be3 Qc7 20. Bxf7+ Kxf7 21. Qxa8 Bxc3+ 22. Kf1 Ba6+ 23. Kg1 Bxb2 24. Rh7+ Bg7 25. Qh8 Qe5 26. Re1 Qc3 27. Bd2 Qxd2 28. Qxg7+ Ke8 29. Qxe7# 1-0

[Event "Titled Tuesday intern op 14th Nov Late"]
[Site "Chess.com INT"]
[Date "2023.11.14"]
[Round "1"]
[White "Bazzano, Sebastian"]
[Black "Martinez Reyes, Pedro Ramon"]
[Result "0-1"]
[WhiteElo "2288"]
[BlackElo "2339"]
[PlyCount "84"]
[EventDate "2023.11.14"]
[EventType "swiss (blitz)"]
[EventRounds "11"]
[EventCountry "USA"]
[SourceTitle "EXT 2025"]
[Source "ChessBase"]
[SourceDate "2024.10.14"]
[SourceVersion "1"]
[SourceVersionDate "2024.10.14"]
[SourceQuality "1"]

1. d4 Nf6 2. Bf4 c6 3. c3 Qb6 4. Qb3 d6 5. Nd2 Be6 6. Qc2 g6 7. e4 Bg7 8. Ngf3 0-0 9. Bd3 Bg4 10. h3 Bxf3 11. Nxf3 Nbd7 12. 0-0 Rfe8 13. Be3 Qc7 14. Rad1 Nh5 15. Rfe1 a5 16. Qd2 e5 17. Bh6 Bxh6 18. Qxh6 f6 19. Bc4+ Kh8 20. dxe5 Nxe5 21. Nxe5 dxe5 22. Rd2 Red8 23. Red1 b5 24. Rxd8+ Rxd8 25. Rxd8+ Qxd8 26. Bf7 Nf4 27. g3 Qe7 28. gxf4 Qxf7 29. fxe5 fxe5 30. Qg5 Qe6 31. Kg2 Kg7 32. a3 a4 33. Qd8 Qf6 34. Qxf6+ Kxf6 35. Kg3 g5 36. f3 h5 37. h4 Kg6 38. Kh3 gxh4 39. Kxh4 Kh6 40. Kg3 Kg5 41. Kh3 Kf4 42. Kg2 h4 0-1

[Event "Titled Tuesday intern op 14th Nov Late"]
[Site "Chess.com INT"]
[Date "2023.11.14"]
[Round "9"]
[White "Bazzano, Sebastian"]
[Black "Mazurkiewicz, Michal"]
[Result "0-1"]
[WhiteElo "2288"]
[BlackElo "2145"]
[PlyCount "52"]
[EventDate "2023.11.14"]
[EventType "swiss (blitz)"]
[EventRounds "11"]
[EventCountry "USA"]
[SourceTitle "EXT 2025"]
[Source "ChessBase"]
[SourceDate "2024.10.14"]
[SourceVersion "1"]
[SourceVersionDate "2024.10.14"]
[SourceQuality "1"]

1. d4 Nf6 2. Bf4 g6 3. Nc3 d5 4. e3 Bg7 5. h4 h6 6. Nf3 c6 7. Ne5 Qb6 8. Rb1 Nbd7 9. Bd3 Nh5 10. Nxg6 Nxf4 11. Nxf4 e5 12. Qg4 Bf8 13. dxe5 Nxe5 14. Qe2 Bg4 15. f3 Bd7 16. e4 d4 17. Nd1 0-0-0 18. Nf2 Bd6 19. Nh5 Bb4+ 20. Kf1 Be7 21. Ng4 Bxg4 22. fxg4 Rhg8 23. Nf4 Nxg4 24. Rh3 Ne3+ 25. Rxe3 dxe3 26. Re1 Bxh4 0-1

[Event "Titled Tuesday intern op 14th Nov Late"]
[Site "Chess.com INT"]
[Date "2023.11.14"]
[Round "5"]
[White "Gasparyan, Davit"]
[Black "Bazzano, Sebastian"]
[Result "1-0"]
[WhiteElo "2196"]
[BlackElo "2288"]
[PlyCount "67"]
[EventDate "2023.11.14"]
[EventType "swiss (blitz)"]
[EventRounds "11"]
[EventCountry "USA"]
[SourceTitle "EXT 2025"]
[Source "ChessBase"]
[SourceDate "2024.10.14"]
[SourceVersion "1"]
[SourceVersionDate "2024.10.14"]
[SourceQuality "1"]

1. e4 e6 2. Nf3 d5 3. exd5 exd5 4. d4 Nf6 5. Be2 Be7 6. 0-0 0-0 7. Re1 Bg4 8. Bf4 c6 9. Nbd2 Nbd7 10. Ne5 Bxe2 11. Qxe2 Re8 12. Qd3 Nf8 13. Re3 Ng6 14. Bg3 Nh5 15. Qf5 Nf6 16. Rae1 Bf8 17. h4 Qc8 18. Qf3 Nxe5 19. Rxe5 Rxe5 20. Rxe5 Qg4 21. Qe3 Qd1+ 22. Qe1 Qxc2 23. h5 Bb4 24. Bf4 Ne4 25. f3 Nxd2 26. Re8+ Rxe8 27. Qxe8+ Bf8 28. Bd6 h6 29. Qxf8+ Kh7 30. Qxf7 Qd1+ 31. Kh2 Qe2 32. Qf5+ Kg8 33. Be5 Nf1+ 34. Kh3 1-0